004710000a220014500045000410008000000820016000081000025000242450079000492600039001283000012001670010006001799420007001859520116001929990017003080 aSPA04aG 863 M516o1 aMejía Duque, Jaime10aEl otoño del patriarca o la crisis de la desmesura / Jaime Mejía Duque aMedellín, Colombia : Oveja Negra a102 Pag11051 cBK 001040708GENaFUSBCbFUSBCd2005-01-26l0oG 863 M516o p10373r2019-12-12 00:00:00t1w2016-01-26yBKB0C3 c40422d40422